Právny systém hore nohami

Zákon o elektronickom podpise bude mať zmysel len vtedy, ak sa zmení väčšina platnej legislatívy. Používanie elektronického podpisu v praxi. Kompetencie NBÚ. Dva stupne bezpečnosti elektronického podpisu.

Enregistré dans:
Détails bibliographiques
Auteur principal: Benka, Marián
Format: Chapitre de livre
Langue:slovaque
Sujets:
Tags: Ajouter un tag
Pas de tags, Soyez le premier à ajouter un tag!

MARC

LEADER 00000naa a2200000 4500
001 r046239
005 20231003075943.7
041 0 |a slo 
044 |a SK 
245 1 0 |a Právny systém hore nohami  |c Marián Benka 
520 |a Zákon o elektronickom podpise bude mať zmysel len vtedy, ak sa zmení väčšina platnej legislatívy. Používanie elektronického podpisu v praxi. Kompetencie NBÚ. Dva stupne bezpečnosti elektronického podpisu. 
610 2 0 |a internet 
610 2 0 |a podpis elektronický 
610 2 0 |a úpravy právne 
610 2 0 |a obchod elektronický 
610 2 0 |a ochrana dát 
100 1 |a Benka, Marián